| 000 | 00487nam a2200133Ia 4500 | ||
|---|---|---|---|
| 008 | 220620s9999||||xx |||||||||||||| ||und|| | ||
| 020 | _a9782890000000 | ||
| 245 | 0 | _aSurface Chemistry of Flotation | |
| 546 | _aEnglish[eng] | ||
| 650 | _aflotation||bubble||surfactant||separation||surface chemistry||adsorption | ||
| 700 | _aGao, Zhiyong||Kowalczuk, Przemyslaw B.||Zawala, Jan | ||
| 856 | _uhttps://www.frontiersin.org/research-topics/10100/surface-chemistry-of-flotation | ||
| 942 | _cEB | ||
| 999 |
_c21867 _d21867 |
||